Was damals Recht war ... : (Titelsatznr. 25221)
[ MARC ]
| 000 -Satzkennung | |
|---|---|
| Kontrollfeld mit fester Länge | 00906nam a22002651c 4500 |
| 001 - Kontrollnummer | |
| Kontrollfeld | ht015445061 |
| 008 - Feld mit fester Länge zur physischen Beschreibung - Allgemeine Angaben | |
| Kontrollfeld mit fester Länge | 130722s2008 gw a||| 000u ger d |
| 020 ## - Internationale Standardbuchnummer | |
| Internationale Standardbuchnummer | 9783898090797 |
| Verknüpfung | 978-3-89809-079-7 |
| 041 ## - Sprachcode | |
| Sprachcode des Textes/der Tonspur oder des separaten Titels | ger |
| 040 ## - Katalogisierungsquelle | |
| Übertragungsstelle | RU-10907106 |
| 003 - Kontrollnummer Identifier | |
| Kontrollfeld | RU-10907106 |
| 245 00 - Titel | |
| Titel | Was damals Recht war ... : |
| Zusatz zum Titel | Soldaten und Zivilisten vor Gerichten der Wehrmacht / |
| Verfasserangabe etc. | Ulrich Baumann, Magnus Koch. Stiftung Denkmal für die ermordeten Juden Europas (Hg.) |
| 264 ## - Produktion, Veröffentlichung, Distribution, Herstellung und Urheberrechtsvermerk | |
| Herstellungs-, Veröffentlichungs- Vertriebs-, Erzeugungsort | Berlin : |
| Produzent, Herausgeber, Distributor, Hersteller | be.bra wiss.-Verl., |
| Datum der Herstellung, der Veröffentlichung, des Vertriebs oder des Urheberschutzvermerks | 2008 |
| 300 ## - Physische Beschreibung | |
| Umfang | 264 S. : Ill., Kt |
| 648 #0 - Nebeneintragung unter einem Schlagwort - Zeitschlagwort | |
| Zeitschlagwort | 1939-1945 |
| 650 #0 - Nebeneintragung unter einem Schlagwort - Sachschlagwort | |
| Sachschlagwort oder geografischer Name als Eintragungselement | Deutschland / Wehrmacht |
| 650 #0 - Nebeneintragung unter einem Schlagwort - Sachschlagwort | |
| Sachschlagwort oder geografischer Name als Eintragungselement | Militärgerichtsverfahren |
| 650 #0 - Nebeneintragung unter einem Schlagwort - Sachschlagwort | |
| Sachschlagwort oder geografischer Name als Eintragungselement | Militärjustiz |
| 655 #0 - Indexierungsterm - Genre/Form | |
| Genre/Form oder fokussierter Term | |
| 655 #0 - Indexierungsterm - Genre/Form | |
| Genre/Form oder fokussierter Term | Quelle |
| 700 1# - Nebeneintragung - Personenname | |
| Personenname | Baumann, Ulrich |
| Funktionsbezeichnung | HerausgeberIn |
| 700 1# - Nebeneintragung - Personenname | |
| Personenname | Koch, Magnus |
| Funktionsbezeichnung | HerausgeberIn |
| 710 2# - Nebeneintragung - Körperschaftsname | |
| Körperschafts- oder Gebietskörperschaftsname als Eintragungselement | Stiftung Denkmal für die Ermordeten Juden Europas |
| 942 ## - Zusätzliche Felder (Koha) | |
| Koha-Medientyp | Monographien |
| Ausgeschieden | Verloren | Klassifikation oder Aufstellungssystematik | Beschädigt | Nicht entleihbar | Heimatbibliothek | Aufenthaltsbibliothek | Aufstellungsort | Erwerbungsdatum | Inventarnummer | Signatur | Barcode | Letzte Aktivität | Preis gültig von | Koha-Medientyp |
|---|---|---|---|---|---|---|---|---|---|---|---|---|---|---|
| Andere/Generische Klassifikation | MWN Osteuropa | MWN Osteuropa | Lesesaal - 1 | 22/07/2013 | 14-00234 | D 52 rd Bau | E0040150790B3603 | 23/02/2021 | 22/03/2021 | Monographien |